000 00750nam a2200241Ia 4500
001 3064
003 GE_BSU
008 181216s||||||||xx |||||||||||||| ||und||
020 _a5862256776
040 _cGE_BSU
080 _a338.24(075.8)
100 _aДанько Т.П, Окрут З.М.
245 _aСвободные экономические зоны в мировом хозяйстве
245 _bУчебное пособие
245 _cред. Б. С. Сурганов
260 _aМосква
260 _bИНФРА-М
260 _c1998
300 _a168 с. 20 см.
541 _h4 л. 75 т.
653 _aСвободные экономические зоны в мировом хозяйстве
942 _cBK
999 _c37108
_d37108